Normal view
MARC view
Entry Personal Name
001 - CONTROL NUMBER
- control field: 15822
003 - CONTROL NUMBER IDENTIFIER
- control field: BD-RjUL
005 - DATE AND TIME OF LATEST TRANSACTION
- control field: 20250628133633.0
008 - FIXED-LENGTH DATA ELEMENTS
- fixed length control field: 250628|| aca||aabn | a|a d
040 ## - CATALOGING SOURCE
- Original cataloging agency: BD-RjUL
- Transcribing agency: BD-RjUL
100 ## - HEADING--PERSONAL NAME
- Personal name: Franklin, Mr
670 ## - SOURCE DATA FOUND
- Source citation: Work cat.: (BD-RjUL)85081: Franklin, Mr., Mr. Franklin : a selection from his personal letters